Kaedah-Kaedah Tanah Wilayah Persekutuan Kuala Lumpur 1995 : semua pindaan hingga Mei, 1995 .

Bibliographic Details
Corporate Author: MALAYSIA
Format: Book
Published: Kuala Lumpur : MDC Publishers Printers , 1995
Series:Undang-undang Malaysia
Subjects:

MARC

LEADER 00000cam a2200000 7i4500
001 0000000608
005 20000912.0
020 0 0 |a 967700297X 
090 0 0 |a 346.595116046   |b MAL 1995 
110 1 0 |a MALAYSIA 
245 1 0 |a Kaedah-Kaedah Tanah Wilayah Persekutuan Kuala Lumpur 1995 :   |b semua pindaan hingga Mei, 1995 .   |l Federal Territory of Kuala Lumpur Land Rules 1995 :   |b all amendments up to May, 1995 P.U. (A) 26 
260 0 0 |a Kuala Lumpur :   |b MDC Publishers Printers ,   |c 1995 
300 |a iii, 136 p. ;   |c 26 cm. 
440 0 0 |a Undang-undang Malaysia 
650 0 0 |a City planning and redevelopment law   |z Wilayah Persekutuan (Kuala Lumpur) 
650 0 0 |a Land use   |x Law and legislation   |z Kuala Lumpur 
745 0 0 |a Federal Territory of Kuala Lumpur Land Rules   |x all amendments up to May, 1995 
999 |a 0000000676   |b Monograph   |c Open Shelf   |e Default branch